Minecraft - Enchantement - Mort subite - Statistiques

Statistiques générales
  • Ce quiz a été pris 6 444 fois
  • Le résultat moyen est 5 sur 14
Answers on the Grid
Answers color-coded by a green-red scale on the quiz's grid according to % correct below.
Protection contre la lave | Lava Protection
Infinité aquatique | Aqua Infinity
Cornes | Horns
Chance de l'océan | Luck of the Ocean
Fléau des araignées | Bane of Spiders
Richesse | Wealth
Malédiction du lien | Curse of the Bond
Réparation | Fix
Coupant | Sharp
Pieds glaçants | Icy Feet
Toucher doux | Soft Touch
Protection contre les explosions | Blast Protection
Affilage | Sweeping Edge
Agilité aquatique | Depth Strider
Apnée | Respiration
Aura de feu | Fire Aspect
Châtiment | Smite
Efficacité | Efficiency
Furtivité rapide | Swift Sneak
Infinité | Infinity
Malédiction de disparition | Curse of Vanishing
Perforation | Piercing
Solidité | Unbreaking
Tir multiple | Multishot
Empalement | Impaling
 
Statistiques - réponses
Réponse % Correct
Efficacité | Efficiency
43%
Infinité | Infinity
43%
Solidité | Unbreaking
43%
Aura de feu | Fire Aspect
42%
Châtiment | Smite
40%
Apnée | Respiration
37%
Protection contre les explosions | Blast Protection
34%
Tir multiple | Multishot
32%
Agilité aquatique | Depth Strider
31%
Malédiction de disparition | Curse of Vanishing
31%
Empalement | Impaling
29%
Perforation | Piercing
29%
Affilage | Sweeping Edge
24%
Furtivité rapide | Swift Sneak
15%
Aucun quiz correspondant
Distribution des résultats
% des personnes avec chaque résultat
Percentile par nombre de réponses
Votre historique - résultats
Vous n’avez pas pris ce quiz